Jazyk ako kľúčový faktor integrácie a integračných politík

Príspevok sa zaoberá problematikou integrácie migrantov, konkrétne osvojením si jazyka domácej spoločnosti. V prvej časti príspevok približuje osvojovanie si jazyka ako kľúčový integračný faktor. V druhej časti príspevok objasňuje postavenie jazyka v integrácii migrantov pomocou analýzy dokumentu In...

ver descrição completa

Na minha lista:
Detalhes bibliográficos
Autor principal: Seresová, Terézia, 1991-
Formato: Capítulo de Livro
Idioma:eslovaco
Assuntos:
Tags: Adicionar Tag
Sem tags, seja o primeiro a adicionar uma tag!

MARC

LEADER 00000naa a2200000 4500
001 0304813
005 20250117091911.0
041 0 |a slo 
044 |a SK 
245 1 0 |a Jazyk ako kľúčový faktor integrácie a integračných politík  |c Terézia Seresová 
520 |a Príspevok sa zaoberá problematikou integrácie migrantov, konkrétne osvojením si jazyka domácej spoločnosti. V prvej časti príspevok približuje osvojovanie si jazyka ako kľúčový integračný faktor. V druhej časti príspevok objasňuje postavenie jazyka v integrácii migrantov pomocou analýzy dokumentu Integračná politika Slovenskej republiky. Príspevok si kladie za cieľ identifikovať problematiku jazyka pri integrácii migrantov na Slovensku. Článok konštatuje, že v politickom diskurze na Slovensku absentuje diskusia o integračnej politike; naopak, migrácia je sekuritizovaná, t. j. prezentovaná ako hrozba. 
610 2 0 |a integrácia 
610 2 0 |a migrácia 
610 2 0 |a sekuritizácia 
610 2 0 |a jazyk štátny 
100 1 |a Seresová, Terézia, 1991-